000
00260nam a2200109Ia 4500
008
210107s9999 xx 000 0 und d
100
_a
katzenbach, J.R.
245
0
_a
(The) wisodom of teams
260
_a
New York
_b
harper Collins
300
_a
320
942
_c
BK
999
_c
10450
_d
10450